000 00607nam a2200241Ia 4500
003 OSt
005 20221005132700.0
006 a|||||r|||| 00| 0
007 ta
008 221004b |||||||| |||| 00| 0 eng d
024 _a25294
037 _cTextual
040 _aCRL
_cCRL
_beng
041 _2eng
_aeng
082 _aT4:8.3124,e4,L0, K6
245 0 _aUniversity of London reorganisation 1964-1966
260 _c1966
300 _a156p.
_ccm.
650 _a EDUCATION
650 _aHIGHER EDUCATION
942 _hT4:8.3124,e4,L0, K6
_cTEXL
_2cc
999 _c1064490
_d1064490